000 01023cab a2200253 4500
001 ABS57213
008 090401t1997 xxu||||| |||| 00| 0 eng d
035 _a(Sirsi) u78953
041 _aeng
245 _aBoultby v Hill(VO)
260 _c1997
350 _a0
490 _aRating & Valuation Reporter
_v1997 RVR 125-128(4)
520 _aNottinghamshire Valuation Tribunal. 2 January 1997. Allowances of 40% and 30% were made in the assessments of two shops for the effect of demolition and building works on a nearby site which were substantial and intense and would have caused a tenant fresh on the scene on the material days to anticipate significant disruption for which a substantial reduction in rent could be expected. (Taken from headnote)
650 _aBOULTBY V HILL
650 _aDISRUPTION TO BUSINESS
650 _aRATING APPEALS
650 _aRATING ASSESSMENTS
650 _aREDUCTION
650 _aSHOPS
690 _aRATING AND VALUATION-CASE LAW
942 _n0
948 _c16/06/1997
999 _c49617
_d49617